Quizzes
Events
Quiz Creation
Community
Videos
Private Events
Remove Ads
Sign In
Join for FREE
Feedback
Dark Mode
Quiz Categories
Sports
Geography
Music
Movies
Television
Just For Fun
Miscellaneous
History
Literature
Language
Science
Gaming
Entertainment
Religion
Holiday
For Kids
Quiz Lab
Recent
Popular Today
Quiz Kudos Today
Editor Picks
Curator Picks
Quizzes by...
Day
Popularity
Type
Ratings
Length
Year
Community
Subscriptions
Recent Discussions
Orange Saloon
Badges
Playlists
Quests
Create
Leaderboards
Showdown
Live 5
Trivia Bingo
Activity
Puzzle Library
Sporcle Events
Private Events
Virtual Trivia
Globe League
Become a Host
Pub Owners
SporcleCon
Opinionation
Our Games
Videos
Blog
Mobile Apps
Partnerships
Remove Ads and Go Orange
Feedback
Sports
Athletes
MLB
NBA
NHL
NFL
Soccer
Sports Teams
WWE
NCAA
Football
Premier League
Basketball
Baseball
Hockey
Golf
Tennis
Cricket
Rugby
Auto Racing
Olympics
World Cup
Sports
Athletes
MLB
NBA
NHL
NFL
Soccer
Sports Teams
WWE
NCAA
Football
Premier League
Basketball
Baseball
Hockey
Golf
Tennis
Cricket
Rugby
Auto Racing
Olympics
World Cup
Random Quiz
Search Sporcle
×
Quiz Lab
Quiz Lab
Sports
1994
Type in answers that appear in a list
Type in answers that appear in a list
Classic
Best Score? Go Orange.
WC Quiz: 1994 Stats
Can you name the WC Quiz: 1994?
By
guybrush
4m
21 Questions
146 Plays
146 Plays
146 Plays
Comments
Comments
Give Quiz Kudos
Give Quiz Kudos
-
- Ratings
hide this ad
Replay
Link that replays current quiz
Next Quiz
Link to next quiz in quiz playlist
You Got
0%
They Got
Avg Score
51%
Avg Friend Score
Upgrade to see
Score Distribution
Jump to the score distribution portion of the page
Score
0/21
Timer
04:00
0
Plays Today
Hint
Answer
% Correct
Host Country
United States
96.6%
Champions
Brazil
94.5%
FIFA Fair Play Trophy Winner
Brazil
94.5%
Most Entertaining Team
Brazil
94.5%
Number of participating teams
24
90.4%
Runner-
up
Italy
89.7%
Host City
Chicago
66.4%
3rd Place
Sweden
63.7%
Golden Ball Winner
Romário
63.7%
Host City
Dallas
62.3%
Golden Boot Winner (Top scorer)
Hristo Stoichkov/Oleg Salenko
58.9%
Hint
Answer
% Correct
Host City
Washington, D.C.
47.3%
Host City
Orlando
41.8%
Host City
Pasadena
35.6%
Yashin Award (Best Goalkeeper)
Michel Preud'homme
21.2%
Host City
East Rutherford
17.8%
Number of goals scored
141
17.1%
Host City
Pontiac
11%
Host City
Foxborough
9.6%
Host City
Stanford
8.9%
Best Young Player (via Internet vote)
Marc Overmars
5.5%
Quiz Playlist
Details
Report
Send in Message
Add To Playlist
Classic:
Type in answers that appear in a list
Quiz Source
Last Updated: Feb 16, 2017
Quiz Scoreboard
CHALLENGE
Sign Up to Join the Scoreboard
Show All
Scores
Hide
Comments
May contain spoilers
Recently Published
An Introduction to Baseball
by treessimontrees
Sports
5m
Movies - When Are They Set?
by FPL_Elf
Movies
5m
Popular People in 1961
by mucciniale
History
6m
More to Explore
Quiz From the Vault
Featured Blog Post
Where Did the Easter Bunny Come From?
hide this ad
You Might Also Like...
Tags
1994
Today's Top Quizzes in Sports
Browse Sports
hide this ad
Today's Top Quizzes in 1994
Browse 1994
Top Contributed Quizzes in Sports
1
Les meilleurs buteurs des matchs entre le PSG et l’OM
2
2022 World Cup Stars
3
FIFA Club World Cup Champions
4
Les entraîneurs de l'OM et du PSG au 21e siècle
5
Name the Premier League winners with different clubs
6
La finale Lions - Afrique du Sud 2021
7
Les joueurs passés par le LOSC et le RC Lens
8
Criteria MLB: Left Handed Sluggers
9
Players with Multiple 50 Home Run Seasons
10
5-to-1: UK Sports Teams
Explore More
Trending Topics
NBA
Disney
Crossword
Harry Potter
Marvel
Anime
Kpop
Pokémon
Soccer
NFL
WWE
The Office
Puzzle
Song
Country
hide this ad
More By:
guybrush
Quiz
Plays
Rating
Category
Featured
Created
The Star-Spangled Banner - Clickable Lyrics
10,504
4.20
Music
Aug 26, 2012
European countries that don't border ...
2,393
3.69
Geography
May 8, 2011
German Foreign-Born population
2,168
3.75
Geography
Mar 23, 2010
US States by ANY 3-Letters BLITZ
2,043
4.07
Geography
Mar 28, 2012
German trading partners (Export)
1,877
4.67
Geography
Mar 30, 2010
Go to Creator's Profile
Score Distribution
Quiz Creator Spotlight
guybrush
Follow
Send a Message
Quizzes Created
-
Created Quiz Play Count
-
More By This Creator
Popular Quizzes Today
1
Find the Countries of Europe - No Outlines Minefield
2
Find the US States - No Outlines Minefield
3
The Countries of the World
4
Popular People in 1961
5
US States
6
Find the US States
7
1-10 Letter E Words III
8
Risky Map Clicking: Biggest States A-Z
More Sports Quizzes
Last scorers for France from current L1 clubs
Quiz Lab
Trending Quizzes
Risky Map Clicking: Least Populous States A-Z
1-10 Letter F Words
1-10 Letter G Words
Not Quite an Element Typing Challenge
One Thing in Common: United Kingdom
Recently Updated
Leaping Animals
pecheneg
Reality TV Shows (A-Z)
bhenderson79
Rickey Henderson's Hall of Fame Teammates
pecheneg
Champions League XIs: Arsenal
pecheneg
Quick Pick: Celebrities in WWE's Hall of Fame
aduchscher
A-Z Keypad Blitz II
pecheneg
Multiple Oscar Actors
pecheneg
Mystery Phrase Blitz: Oscar 'Best Actors'
pecheneg
F. Scott Fitzgerald Novels
LTH
Pick 3 Villains
ddd62291
Trending Topics
Anime
Harry Potter
Disney
NBA
Marvel
Crossword
Kpop
NFL
Puzzle
Song
Pokémon
WWE
The Office
Soccer
Country
Your Account Isn't Verified!
In order to create a playlist on Sporcle, you need to verify the email address you used during registration. Go to your
Sporcle Settings
to finish the process.
Report this User
Report this user for behavior that violates our
Community Guidelines
.
Details:
Send Report
Go to the Sporcle.com Mobile Site →
Comments